| 000 | 00690nam a2200217 a 4500 | ||
|---|---|---|---|
| 005 | 20180803165427.0 | ||
| 008 | 140217b2006 ck ||||| |||| 00| 0 spa d | ||
| 040 |
_aCO-BoIAVH _cCO-BoIAVH |
||
| 041 | _aspa | ||
| 044 | _ack | ||
| 090 |
_aIAVH _b01381 |
||
| 110 |
_bFundación Eduquemos _93391 |
||
| 245 |
_aPrograma interinstitucional de conservación de las aves amenazadas del Parque Nacional Natural Selva de Florencia _bInforme final |
||
| 260 |
_aBogotá _bIAvH _bFundación Eduquemos _c2006 |
||
| 300 | _a58 p. | ||
| 650 |
_aAves _992429 |
||
| 650 |
_aFauna amenazada _91355 |
||
| 650 |
_aEspecies endémicas _931371 |
||
| 650 |
_aConservación de aves _9602 |
||
| 942 |
_cINFORME _2z _02 |
||
| 999 |
_c7127 _d7127 |
||